|
|
|
|
| LEADER |
00000cam a2200000 7i4500 |
| 001 |
0000013728 |
| 005 |
20080125.0 |
| 008 |
250108 |
| 020 |
|
|
|a 9830460029
|
| 090 |
0 |
0 |
|a 153.8
|b NOO
|
| 100 |
0 |
|
|a Noorfizah Abdul Malek
|
| 245 |
1 |
0 |
|a Bimbingan motivasi anak cemerlang
|c Noorfizah Abdul Malek
|
| 260 |
|
|
|a Kuala Lumpur :
|b Darul Nu'man ,
|c 2001
|
| 650 |
|
0 |
|a Motivation (psychology)
|x Islam
|
| 999 |
|
|
|a 0000762093
|b Book
|c Adult Collection
|e Cawangan Mersing
|
| 999 |
|
|
|a 0000762100
|b Book
|c Adult Collection
|e Cawangan Tmn. Ungku Tun Aminah
|
| 999 |
|
|
|a 0000924415
|b Book
|c Adult Collection
|e Cawangan Bukit Gambir
|
| 999 |
|
|
|a 0000933915
|b Book
|c Adult Collection
|e Cawangan Tangkak
|
| 999 |
|
|
|a 0000933917
|b Book
|c Adult Collection
|e Cawangan Tangkak
|
| 999 |
|
|
|a 0001005680
|b Book
|c Adult Collection
|e Perbadanan Perpustakaan Awam Johor
|
| 999 |
|
|
|a 0001005681
|b Book
|c Adult Collection
|e Perbadanan Perpustakaan Awam Johor
|